| 000 | 01063cab a2200253 4500 | ||
|---|---|---|---|
| 001 | ABS55137 | ||
| 008 | 090401t1996 xxu||||| |||| 00| 0 eng d | ||
| 035 | _a(Sirsi) u14462 | ||
| 041 | _aeng | ||
| 100 | _aMurdoch, G. | ||
| 245 | _aPrimary healthcare leasebacks - an investment opportunity | ||
| 260 | _c1996 | ||
| 350 | _a0 | ||
| 490 |
_aProperty Finance & Development _v7(5) May 1996, 7-9(3) |
||
| 520 | _aThe property requirements of GPs and medical practices are increasingly being seen as a specific sector of the healthcare market. Development of primary healthcare premises as a discreet market is being fostered by several factors of interest to developers and investors. Looks at the background to these developments, the driving forces and opportunities arising. | ||
| 650 | _aDOCTORS' SURGERIES | ||
| 650 | _aFUNDING | ||
| 650 | _aHEALTHCARE MARKET | ||
| 650 | _aINVESTMENT MARKET | ||
| 650 | _aSURGERY PREMISES | ||
| 690 | _aPROPERTY-COMMERCIAL PROPERTY-COMMERCIAL PROPERTY FINANCE AND INVESTMENT | ||
| 942 | _n0 | ||
| 948 | _c04/03/1997 | ||
| 999 |
_c9425 _d9425 |
||